Petit Bac #88 - Pokémon (toutes générations) - Statistiques

Statistiques générales
  • Ce quiz a été pris 5 747 fois
  • Le résultat moyen est 22 sur 26
Statistiques - réponses
1ère lettre Pokémon % Correct
A Abo / Abra / Absol / Aéromite / Aéroptéryx / Aflamanoir / Airmure / Akwakwak / Alakazam / Aligatueur / Altaria / Ama-Ama / Amagara / Amonistar / Amonita / Amphinobi / Anchwatt / Angoliath / Anorith / Apireine / Apitrini / Aquali / Arakdo / Araqua / Arbok / Arcanin / Arceus / Archéduc / Archéodong / Archéomire / Arcko / Argouste / Arkéapti / Armaldo / Armulys / Arrozard / Artikodin / Aspicot / Astronelle / Avaltout / Axoloto / Azumarill / Azurill
97%
C Câblifère / Cabriolaine / Cacnea / Cacturne / Cadoizo / Camérupt / Canarticho / Cancrelove / Candine / Caninos / Capidextre / Capumain / Carabaffe / Carabing / Carapagos / Carapuce / Caratroc / Carchacrok / Carmache / Carvanha / Castorno / Celebi / Cerfrousse / Ceribou / Ceriflor / Chacripan / Chaffreux / Chaglam / Chamallot / Chapignon / Chapotus / Charbi / Charibari / Charkos / Charmillon / Charmilly / Charmina / Charpenti / Chartor / Chelours / Chenipan / Chenipotte / Cheniselle / Cheniti / Chétiflor / Chevroum / Chimpenfeu / Chinchidou / Chlorobule / Chovsourir / Chrysacier / Chrysapile / Chuchmur / Cizayox / Clamiral / Clic / Cliticlic / Coatox / Cobaltium / Cochignon / Coconfort / Cocotine / Coléodôme / Colhomard / Colimucus / Colombeau / Colossinge / Concombaffe / Coquiperl / Corayôme / Corayon / Corboss / Cornèbre / Corvaillus / Cosmog / Cosmovum / Cotovol / Couafarel / Couaneton / Coudlangue / Coupenotte / Couverdure / Coxy / Coxyclaque / Crabagarre / Crabaraque / Crabicoque / Crabominable / Cradopaud / Crapustule / Créfadet / Créfollet / Créhelf / Crèmy / Cresselia / Crikzik / Croâporal / Crocorible / Crocrodil / Croquine / Crustabri / Cryptéro / Cupcanaille
96%
D Dardargnan / Darkrai / Darumacho / Darumarond / Debugant / Dedenne / Déflaisan / Delcatty / Démanta / Démétéros / Démolosse / Denticrisse / Deoxys / Desséliande / Dialga / Diamat / Diancie / Dimoclès / Dimoret / Dinoclier / Dispareptil / Dodoala / Dodrio / Doduo / Dolman / Donphan / Doudouvet / Draby / Dracaufeu / Drackhaus / Draco / Dracolosse / Dragmara / Draïeul / Drakkarmin / Drascore / Dratatin / Drattak / Dunaconda / Dunaja / Duralugon / Dynavolt
96%
B Babimanta / Bacabouh / Badabouin / Baggaïd / Baggiguane / Balbuto / Balignon / Bamboiselle / Banshitrouye / Barbicha / Bargantua / Barloche / Barpau / Bastiodon / Batracné / Baudrive / Bazoucan / Bébécaille / Bekaglaçon / Bekipan / Beldeneige / Bétochef / Berserkatt / Bibichut / Blancoton / Bleuseille / Blindalys / Blindépique / Blizzaroi / Blizzeval / Blizzi / Boguérisse / Bombydou / Boréas / Boskara / Bouldeneu / Boumata / Bourrinos / Boustiflor / Braisillon / Branette / Braségali / Brindibou / Brocélôme / Brouhabam / Brutalibré / Brutapode / Bruyverne / Bulbizarre
95%
P Pachirisu / Pachyradjah / Palarticho / Palkia / Pandarbar / Pandespiègle / Papilord / Papilusion / Papinox / Paras / Parasect / Parécool / Pashmilla / Passerouge / Pérégrain / Persian / Phanpy / Pharamp / Phione / Phogleur / Phyllali / Piafabec / Picassaut / Pichu / Piclairon / Pierroteknik / Pifeuil / Pijako / Pikachu / Pingoléon / Pitrouille / Plumeline / Poichigeon / Poissirène / Poissoroy / Polarhume / Polichombr / Polthégeist / Pomdepik / Pomdrapi / Ponchien / Ponchiot / Ponyta / Porygon / Porygon-Z / Porygon2 / Posipi / Poulpaf / Poussifeu / Prédastérie / Prinplouf / Prismillon / Psykokwak / Psystigri / Ptéra / Ptiravi / Ptitard / Ptyranidur / Pyrax / Pyrobut / Pyroli / Pyronille
94%
E Ecaïd / Ecayon / Ecrapince / Ecrémeuh / Ectoplasma / Efflèche / Ekaïser / Elecsprint / Electhor / Electrode / Elekable / Elekid / Elektek / Embrochet / Embrylex / Emolga / Empiflor / Engloutyran / Entei / Eoko / Escargaume / Escroco / Etouraptor / Ethernatos / Etourmi / Etourvol / Evoli / Exagide / Excavarenne / Excelangue
93%
M M. Glaquette / M. Mime / Machoc / Machopeur / Mackogneur / Macronium / Maganon / Magby / Magearna / Magicarpe / Magirêve / Magmar / Magnéti / Magnéton / Magnézone / Majaspic / Makuhita / Malamandre / Malosse / Mamanbo / Mammochon / Manaphy / Mandrillon / Manglouton / Mangriff / Manternel / Manzaï / Maracachi / Maraiste / Marcacrin / Marill / Marisson / Marshadow / Mascaïman / Maskadra / Massko / Mastouffe / Mateloutre / Matoufeu / Medhyèna / Méditikka / Méganium / Mégapagos / Méios / Mentali / Mélancolux / Mélo / Mélodelfe / Meloetta / Mélofée / Mélokrik / Melmetal / Meltan / Mesmérella / Métalosse / Métamorph / Métang / Météno / Mew / Mewtwo / Miamiasme / Miaouss / Miasmax / Migalos / Milobellus / Mimantis / Mime Jr. / Mimigal / Mimiqui / Mimitoss / Minidraco / Minisange / Minotaupe / Miradar / Mistigrix / Momartik / Monaflèmit / Monorpale / Monthracite / Morpeko / Morphéo / Motisma / Moufflair / Moufouette / Moumouflon / Moumouton / Mouscoto / Moustillon / Moyade / Muciole / Mucuscule / Munja / Munma / Muplodocus / Mushana / Mustébouée / Mustéflott / Mygavolt / Mysdibule / Mystherbe
93%
G Galegon / Galekid / Galeking / Galifeu / Gallame / Galopa / Galvagla / Galvagon / Galvaran / Gamblast / Gardevoir / Gaulet / Genesect / Géolithe / Germinion / Gigalithe / Girafarig / Giratina / Givrali / Gloupti / Gobou / Goélise / Goinfrex / Golemastoc / Golgopathe / Gorythmic / Goupelin / Goupilou / Goupix / Gouroutan / Grahyèna / Grainipiot / Granbull / Granivol / Gravalanch / Grelaçon / Grenousse / Griknot / Grillepattes / Grimalin / Grindur / Gringolem / Grodoudou / Grodrive / Grolem / Groret / Grotadmorv / Grotichon / Groudon / Gruikui / Gueriaigle / Guérilande
92%
R Racaillou / Rafflesia / Raichu / Raikou / Ramboum / Ramoloss / Rapasdepic / Rapion / Ratentif / Rattata / Rattatac / Rayquaza / Regice / Regidrago / Regieleki / Regigigas / Regiroc / Registeel / Relicanth / Rémoraid / Reptincel / Reshiram / Rexillius / Rhinastoc / Rhinocorne / Rhinoféros / Rhinolove / Riolu / Rocabot / Roigada / Roitiflam / Rondoudou / Ronflex / Rongourmand / Rongrigou / Rosabyss / Rosélia / Roserade / Rototaupe / Roublenard / Roucarnage / Roucool / Roucoups / Roussil / Rozbouton / Rubombelle
92%
S Sabelette / Sablaireau / Salamèche / Salarsen / Sancoki / Sapereau / Saquedeneu / Sarmuraï / Scalpion / Scalproie / Scarabrute / Scarhino / Scobolide / Scolocendre / Scorplane / Scorvol / Scrutella / Séléroc / Sepiatop / Sepiatroce / Séracrawl / Serpang / Séviper / Shaofouine / Sharpedo / Shaymin / Shifours / Sidérella / Silvallié / Simiabraz / Simularbre / Sinistrail / Skelénox / Skitty / Smogo / Smogogo / Snubbull / Solaroc / Solgaleo / Solochi / Sonistrelle / Soporifik / Sorbébé / Sorbouboul / Sorboul / Sorcilence / Sovkipou / Spectreval / Spectrum / Spinda / Spiritomb / Spododo / Spoink / Stalgamin / Stari / Staross / Statitik / Steelix / Strassie / Sucreine / Sucroquin / Suicune / Sulfura / Sylveroy / Symbios
91%
F Fantominus / Fantyrm / Farfaduvet / Farfuret / Félinferno / Fermite / Férosinge / Feuforêve / Feuillajou / Feuiloutan / Feunard / Feunnec / Feurisson / Flabébé / Flagadoss / Flamajou / Flambino / Flambusard / Flamiaou / Flamoutan / Flingouste / Flobio / Floette / Floramantis / Floravol / Florges / Florizarre / Flotajou / Flotoutan / Fluvetin / Foretress / Fouinar / Fouinette / Fourbelin / Fragilady / Frison / Frissonille / Froussardine / Fulgudog / Fulguris / Funécire / Furaiglon
90%
T Tadmorv / Tarenbulle / Tarinor / Tarinorme / Tarpaud / Tarsal / Tartard / Taupiqueur / Tauros / Teddiursa / Ténéfix / Tengalice / Tentacool / Tentacruel / Téraclope / Terhal / Terrakium / Têtarte / Théffroi / Tiboudet / Tic / Tiplouf / Togedemaru / Togekiss / Togépi / Togetic / Tokopisco / Tokopiyon / Tokorico / Tokotoro / Torgamord / Tortank / Torterra / Tortipouss / Toudoudou / Tournegrin / Tournicoton / Toxizap / Tranchodon / Trépassable / Triopikeur / Trioxhydre / Tritonde / Tritosor / Tritox / Trompignon / Tropius / Trousselin / Tutafeh / Tutankafer / Tutétékri / Tygnon / Tylton / Type:0 / Typhlosion / Tyranocif
89%
L Laggron / Lainergie / Lakmécygne / Lamantine / Lampéroie / Lampignon / Lançargot / Lanssorien / Lanturn / Laporeille / Lapyro / Larméléon / Larvadar / Larveyette / Larvibule / Latias / Latios / Léopardus / Lépidonille / Leuphorie / Leveinard / Léviator / Lewsor / Lézargus / Lianaja / Libégon / Lilia / Limagma / Limaspeed / Limonde / Linéon / Lippouti / Lippoutou / Lixy / Lockpin / Lokhlass / Lombre / Lougaroc / Loupio / Lovdisc / Lucanon / Lucario / Ludicolo / Lugia / Lugulabre / Luminéon / Lumivole / Lunala / Luxio / Luxray
88%
N Nanméouïe / Natu / Necrozma / Négapi / Neitram / Némélios / Nénupiot / Nidoking / Nidoqueen / Nidoran / Nidorina / Nidorino / Nigosier / Ningale / Ninjask / Nirondelle / Noacier / Noadkoko / Noarfang / Noctali / Noctunoir / Nodulithe / Noeunoeuf / Nosferalto / Nosferapti / Nostenfer / Nounourson / Nucléos / Nymphali
86%
Z Zacian / Zamazenta / Zarbi / Zarude / Zébibron / Zéblitz / Zekrom / Zeraora / Zéroïd / Zigzaton / Zoroark / Zorua / Zygarde
84%
H Hariyama / Hastacuda / Haydaim / Heatran / Hélédelle / Héliatronc / Hélionceau / Herbizarre / Héricendre / Hexadron / Hexagel / Hippodocus / Hippopotas / Ho-Oh / Hoopa / Hoothoot / Hydragla / Hydragon / Hypnomade / Hypocéan / Hyporoi / Hypotrempe
83%
K Kabuto / Kabutops / Kadabra / Kaiminus / Kaimorse / Kangourex / Kaorine / Kapoera / Karaclée / Katagami / Kecleon / Keldeo / Keunotor / Khélocrok / Kicklee / Kirlia / Kokiyas / Korillon / Krabboss / Krabby / Kraknoix / Krakos / Kranidos / Kravarech / Kungfouine / Kyogre / Kyurem
83%
O Obalie / Octillery / Ohmassacre / Okéoké / Oniglali / Onix / Opermine / Oratoria / Ortide / Ossatueur / Osselait / Otaquin / Otaria / Otarlette / Ouistempo / Ouisticram / Ouvrifier
82%
V Vacilys / Vaututrice / Vémini / Venalgue / Venipatte / Verpom / Vibraninf / Victini / Vigoroth / Vipélierre / Viridium / Viskuse / Vivaldaim / Volcanion / Volcaropod / Voltali / Voltorbe / Voltoutou / Vorastérie / Vortente / Vostourno
78%
Y Yanma / Yanmega / Ymphect / Yveltal
76%
X Xatu / Xerneas
74%
I Iguolta / Incisache / Insecateur / Insolourdo / Ixon
67%
W Wagomine / Wailmer / Wailord / Wattapik / Wattouat / Wimessir / Wushours
67%
Q Quartermac / Queulorior / Qulbutoké / Qwilfish
65%
J Jirachi / Joliflor / Judokrak / Jungko
63%
U Ursaring
53%
Aucun quiz correspondant
Distribution des résultats
% des personnes avec chaque résultat
Percentile par nombre de réponses
Votre historique - résultats
Vous n’avez pas pris ce quiz